[Event "BIH-chT 1A 31st"]
[Site "Tuzla"]
[Date "2024.08.24"]
[Round "7.3"]
[White "Haznadar, Nermin"]
[Black "Bajramovic, Halid"]
[Result "1-0"]
[WhiteElo "2044"]
[BlackElo "2052"]
[PlyCount "113"]
[EventDate "2024.08.20"]
[EventType "team-tourn"]
[EventRounds "9"]
[EventCountry "BIH"]
[SourceTitle "CBM 221 Extra"]
[Source "ChessBase"]
[SourceDate "2024.09.30"]
[SourceVersion "1"]
[SourceVersionDate "2024.09.30"]
[SourceQuality "1"]
[WhiteTeam "Sarajevo Alpong"]
[BlackTeam "Zenica Preporod"]
[WhiteTeamCountry "BIH"]
[BlackTeamCountry "BIH"]

1. d4 Nf6 2. c4 g6 3. Nc3 Bg7 4. e4 d6 5. Be2 c6 6. Be3 Qc7 7. a3 a5 8. Rc1 0-0 9. g4 e5 10. d5 c5 11. g5 Ne8 12. h4 f6 13. gxf6 Nxf6 14. h5 Qf7 15. Kd2 Nxh5 16. Bxh5 gxh5 17. Rxh5 Nd7 18. Qe2 Nf6 19. Rh4 h5 20. f3 Qg6 21. Nh3 Bxh3 22. Rxh3 Bh6 23. Rhh1 Kh7 24. Rcg1 Bxe3+ 25. Qxe3 Qh6 26. Nb5 Rad8 27. Nc7 Rg8 28. Ne6 Qxe3+ 29. Kxe3 Rxg1 30. Rxg1 Rg8 31. Rxg8 Kxg8 32. Kf2 Kh7 33. Kg3 Kg6 34. Nd8 b6 35. Ne6 Ne8 36. Kh4 Kh6 37. b3 Kg6 38. Nd8 Nc7 39. Nc6 b5 40. Nxa5 Kf6 41. Kxh5 Ke7 42. Kg6 bxc4 43. bxc4 Kd7 44. Kf5 Ne8 45. f4 exf4 46. Kxf4 Nf6 47. Nb3 Kc7 48. e5 Nd7 49. e6 Ne5 50. Nd2 Kd8 51. Ke4 Kc7 52. a4 Ng6 53. Kf5 Ne7+ 54. Kf6 Kd8 55. Kf7 Nf5 56. a5 Nh6+ 57. Kf8 1-0

[Event "BIH-chT 1A 31st"]
[Site "Tuzla"]
[Date "2024.08.21"]
[Round "2.3"]
[White "Bajramovic, Halid"]
[Black "Prastalo, Borislav"]
[Result "1/2-1/2"]
[WhiteElo "2052"]
[BlackElo "2222"]
[PlyCount "85"]
[EventDate "2024.08.20"]
[EventType "team-tourn"]
[EventRounds "9"]
[EventCountry "BIH"]
[SourceTitle "CBM 221 Extra"]
[Source "ChessBase"]
[SourceDate "2024.09.30"]
[SourceVersion "1"]
[SourceVersionDate "2024.09.30"]
[SourceQuality "1"]
[WhiteTeam "Zenica Preporod"]
[BlackTeam "Gnojnica Mladost Imel"]
[WhiteTeamCountry "BIH"]
[BlackTeamCountry "BIH"]

1. d4 Nf6 2. c4 e6 3. g3 d5 4. Bg2 Be7 5. Nf3 Nbd7 6. Nbd2 0-0 7. 0-0 c6 8. b3 b6 9. Bb2 Bb7 10. Ne5 Nxe5 11. dxe5 Nd7 12. cxd5 cxd5 13. e4 Nc5 14. exd5 Bxd5 15. Nf3 Qc8 16. Qe2 Qb7 17. Rfd1 Rfd8 18. Rd4 Rd7 19. Rad1 Rad8 20. R1d2 h6 21. Ne1 Bxg2 22. Nxg2 Rxd4 23. Rxd4 Rxd4 24. Bxd4 Qd5 25. Qe3 Bg5 26. Qc3 Ne4 27. Qd3 Nd2 28. Ne1 Ne4 29. f3 Nc5 30. Qc3 Be7 31. Kg2 g6 32. Nc2 Qb7 33. Ne3 Qa6 34. Qc2 Qb5 35. Nc4 Qd7 36. Bxc5 Bxc5 37. Qd2 Qc7 38. Qf4 b5 39. Nd6 Bxd6 40. exd6 Qc2+ 41. Kg1 Qd1+ 42. Kg2 Qe2+ 43. Kg1 1/2-1/2

[Event "BIH-chT 1A 31st"]
[Site "Tuzla"]
[Date "2024.08.20"]
[Round "1.3"]
[White "Babic, Milana"]
[Black "Bajramovic, Halid"]
[Result "1-0"]
[WhiteElo "2080"]
[BlackElo "2052"]
[PlyCount "89"]
[EventDate "2024.08.20"]
[EventType "team-tourn"]
[EventRounds "9"]
[EventCountry "BIH"]
[SourceTitle "CBM 221 Extra"]
[Source "ChessBase"]
[SourceDate "2024.09.30"]
[SourceVersion "1"]
[SourceVersionDate "2024.09.30"]
[SourceQuality "1"]
[WhiteTeam "Gracanica"]
[BlackTeam "Zenica Preporod"]
[WhiteTeamCountry "BIH"]
[BlackTeamCountry "BIH"]

1. Nf3 g6 2. g3 Bg7 3. d4 Nf6 4. Bg2 0-0 5. 0-0 d6 6. c4 c6 7. Nc3 Qc7 8. e4 Nbd7 9. Re1 e5 10. h3 b6 11. Be3 Bb7 12. b3 Rfe8 13. Rc1 a6 14. Qd2 Rad8 15. Qc2 Qb8 16. dxe5 dxe5 17. c5 b5 18. b4 Nf8 19. a4 Ne6 20. axb5 axb5 21. Red1 Nh5 22. Ne2 Bc8 23. Qa2 Qc7 24. Ra1 Bf6 25. Kh2 Rd7 26. Qb2 Red8 27. Rxd7 Rxd7 28. g4 Nhg7 29. g5 Bd8 30. Qxe5 Qb7 31. Ng3 Bc7 32. Qc3 Nf4 33. Ne5 Bxe5 34. Qxe5 Nfe6 35. Ra2 Qc7 36. Qxc7 Nxc7 37. e5 Nd5 38. Ra8 Rc7 39. Ne4 Nf5 40. Nd6 Nfe7 41. Bxd5 cxd5 42. Nxb5 Rd7 43. c6 Rd8 44. Nd6 Rf8 45. Nxc8 1-0

[Event "BIH-chT1 30th"]
[Site "Gorazde"]
[Date "2023.08.26"]
[Round "1.6"]
[White "Pleh, Semir"]
[Black "Bajramovic, Halid"]
[Result "1/2-1/2"]
[WhiteElo "1728"]
[BlackElo "2071"]
[PlyCount "113"]
[EventDate "2023.08.26"]
[EventType "team-tourn"]
[EventRounds "9"]
[EventCountry "BIH"]
[SourceTitle "CBM 216 Extra"]
[Source "ChessBase"]
[SourceDate "2023.11.30"]
[SourceVersion "1"]
[SourceVersionDate "2023.11.30"]
[SourceQuality "1"]

1. c4 g6 2. Nc3 Bg7 3. d4 d6 4. Nf3 Nf6 5. g3 0-0 6. Bg2 c6 7. e4 Qc7 8. 0-0 Nbd7 9. d5 Nc5 10. Re1 a5 11. Rb1 Bd7 12. b3 cxd5 13. Nxd5 Nxd5 14. exd5 Bf5 15. Bg5 f6 16. Be3 Bxb1 17. Qxb1 Rfe8 18. Bxc5 dxc5 19. Bh3 a4 20. Be6+ Kh8 21. Nh4 f5 22. Nf3 Bf6 23. h4 Kg7 24. h5 axb3 25. Qxb3 Ra7 26. hxg6 hxg6 27. Kg2 Rh8 28. Ng1 Rha8 29. Re2 Ra3 30. Qb1 R8a4 31. Nh3 Rc3 32. Nf4 Raxc4 33. d6 Qxd6 34. Bxc4 Rxc4 35. Qxb7 Rb4 36. Qd5 Qxd5+ 37. Nxd5 Rb7 38. Re6 Kf7 39. Rb6 Rxb6 40. Nxb6 Ke6 41. Kf3 Kd6 42. Ke2 e5 43. f3 Bd8 44. Nc4+ Kd5 45. Nd2 c4 46. Nf1 Kd4 47. Ne3 Bg5 48. Nc2+ Kc3 49. Kd1 Kd3 50. a4 Bd8 51. Nb4+ Ke3 52. Nc6 Bc7 53. a5 Kxf3 54. a6 Bb6 55. Nxe5+ Kxg3 56. Nxg6 f4 57. Ne5 1/2-1/2

[Event "BIH-chT 29th"]
[Site "Bihac"]
[Date "2022.08.28"]
[Round "9.6"]
[White "Bajramovic, Halid"]
[Black "Alic, Selmir"]
[Result "1/2-1/2"]
[WhiteElo "2086"]
[BlackElo "2000"]
[PlyCount "73"]
[EventDate "2022.08.23"]
[EventType "tourn"]
[EventRounds "9"]
[EventCountry "BIH"]
[SourceTitle "CBM 210 Extra"]
[Source "ChessBase"]
[SourceDate "2022.11.30"]
[SourceVersion "1"]
[SourceVersionDate "2022.11.30"]
[SourceQuality "1"]

1. d4 d5 2. c4 e6 3. Nf3 Nf6 4. Nc3 Be7 5. Bf4 a6 6. c5 Nc6 7. e3 0-0 8. a3 b5 9. Bd3 h6 10. h3 Re8 11. 0-0 Bb7 12. b4 Bf8 13. Qe2 g6 14. Rfd1 Bg7 15. Ne5 Nxe5 16. Bxe5 Ne4 17. Bxe4 dxe4 18. Bxg7 Kxg7 19. Qg4 Bd5 20. Qf4 c6 21. Nxe4 g5 22. Qg3 Bxe4 23. Qe5+ f6 24. Qxe4 Qd5 25. Qg4 f5 26. Qe2 a5 27. f3 axb4 28. axb4 Ra4 29. e4 fxe4 30. fxe4 Qb3 31. Rab1 Ra2 32. Qg4 Qe3+ 33. Kh1 h5 34. Qxh5 Rh8 35. Qg4 Rh4 36. Qxe6 Rxg2 37. Qe5+ 1/2-1/2

[Event "BIH-chT 29th"]
[Site "Bihac"]
[Date "2022.08.27"]
[Round "7.6"]
[White "Bajramovic, Halid"]
[Black "Sestic, Nermin"]
[Result "1-0"]
[WhiteElo "2086"]
[BlackElo "2088"]
[PlyCount "69"]
[EventDate "2022.08.23"]
[EventType "tourn"]
[EventRounds "9"]
[EventCountry "BIH"]
[SourceTitle "CBM 210 Extra"]
[Source "ChessBase"]
[SourceDate "2022.11.30"]
[SourceVersion "1"]
[SourceVersionDate "2022.11.30"]
[SourceQuality "1"]

1. d4 Nf6 2. c4 g6 3. Nc3 d5 4. cxd5 Nxd5 5. e4 Nxc3 6. bxc3 Bg7 7. Nf3 0-0 8. Be2 c5 9. 0-0 cxd4 10. cxd4 Nc6 11. Be3 Bg4 12. d5 Na5 13. Rc1 a6 14. h3 Bxf3 15. Bxf3 b5 16. Bd4 Rc8 17. Bxg7 Rxc1 18. Qxc1 Kxg7 19. Qa3 Nc4 20. Qxa6 Nd2 21. Rd1 Nxf3+ 22. gxf3 Qd7 23. Kg2 Rc8 24. Rb1 Rc5 25. Qb6 Rc2 26. a3 Qc8 27. Qd4+ Kh6 28. Rxb5 f6 29. d6 Qd7 30. Rd5 e6 31. Rc5 Re2 32. Rc7 Qd8 33. d7 e5 34. Qd3 f5 35. Qxe2 1-0

[Event "BIH-chT 29th"]
[Site "Bihac"]
[Date "2022.08.25"]
[Round "4.6"]
[White "Bajramovic, Halid"]
[Black "Salkic, Midhat"]
[Result "1-0"]
[WhiteElo "2086"]
[BlackElo "2040"]
[PlyCount "69"]
[EventDate "2022.08.23"]
[EventType "tourn"]
[EventRounds "9"]
[EventCountry "BIH"]
[SourceTitle "CBM 210 Extra"]
[Source "ChessBase"]
[SourceDate "2022.11.30"]
[SourceVersion "1"]
[SourceVersionDate "2022.11.30"]
[SourceQuality "1"]

1. d4 d5 2. c4 e6 3. Nc3 Nf6 4. Bg5 Be7 5. e3 Nbd7 6. Bd3 0-0 7. Nf3 b6 8. cxd5 exd5 9. 0-0 Bb7 10. Rc1 c5 11. Qe2 a6 12. a4 Re8 13. Rfd1 Ne4 14. Bf4 Nxc3 15. bxc3 c4 16. Bf5 Bc6 17. Qc2 g6 18. Bxd7 Bxd7 19. Ne5 f6 20. Nxd7 Qxd7 21. Rb1 b5 22. e4 bxa4 23. exd5 a3 24. d6 Bxd6 25. Bxd6 Qxd6 26. Qa4 Kg7 27. Rb4 Re2 28. Qxa3 Qf4 29. Rb7+ Kh8 30. Rf1 Rae8 31. Rbb1 Qf5 32. Ra1 Rc2 33. Qxa6 Ree2 34. Qb7 Ra2 35. Qf7 1-0

[Event "BIH-chT1A 28th"]
[Site "Mostar"]
[Date "2021.08.09"]
[Round "6.3"]
[White "Bajramovic, Halid"]
[Black "Huremovic, Fadil"]
[Result "1-0"]
[WhiteElo "2059"]
[BlackElo "1670"]
[PlyCount "65"]
[EventDate "2021.08.06"]
[EventType "team-tourn"]
[EventRounds "9"]
[EventCountry "BIH"]
[SourceTitle "CBM 203 Extra"]
[Source "ChessBase"]
[SourceDate "2021.09.30"]
[SourceVersion "1"]
[SourceVersionDate "2021.09.30"]
[SourceQuality "1"]
[WhiteTeam "Zenica Preporod"]
[BlackTeam "Tesanj"]
[WhiteTeamCountry "BIH"]
[BlackTeamCountry "BIH"]

1. d4 d5 2. c4 e6 3. Nc3 Nf6 4. Bg5 c6 5. e3 Be7 6. Bd3 h6 7. Bh4 0-0 8. Nf3 dxc4 9. Bxc4 b5 10. Bd3 a5 11. 0-0 Bb7 12. Rc1 Nbd7 13. Qe2 Rc8 14. Rfd1 Nb6 15. Ne5 Nfd5 16. Bg3 Bf6 17. Ne4 Be7 18. Nc5 Bxc5 19. dxc5 Nd7 20. Nxd7 Qxd7 21. e4 Ne7 22. Bxb5 Qe8 23. Bc4 Rd8 24. Bd6 Bc8 25. Qe1 f5 26. exf5 Rxf5 27. Bxe6+ Kh8 28. Bxe7 Rxd1 29. Rxd1 Qxe7 30. Bxf5 Qxe1+ 31. Rxe1 Bxf5 32. Re8+ Kh7 33. Ra8 1-0

[Event "BIH-chT1A 28th"]
[Site "Mostar"]
[Date "2021.08.08"]
[Round "4.4"]
[White "Bajramovic, Halid"]
[Black "Babic, Milana"]
[Result "1/2-1/2"]
[WhiteElo "2059"]
[BlackElo "1856"]
[PlyCount "96"]
[EventDate "2021.08.06"]
[EventType "team-tourn"]
[EventRounds "9"]
[EventCountry "BIH"]
[SourceTitle "CBM 203 Extra"]
[Source "ChessBase"]
[SourceDate "2021.09.30"]
[SourceVersion "1"]
[SourceVersionDate "2021.09.30"]
[SourceQuality "1"]
[WhiteTeam "Zenica Preporod"]
[BlackTeam "Gracanica"]
[WhiteTeamCountry "BIH"]
[BlackTeamCountry "BIH"]

1. d4 Nf6 2. c4 d6 3. Nc3 Nbd7 4. Nf3 e5 5. e3 Be7 6. Bd3 c6 7. 0-0 0-0 8. Qc2 a6 9. Rd1 Qc7 10. b3 b5 11. Bb2 Bb7 12. Rac1 Rac8 13. Qb1 Qb8 14. Qa1 b4 15. Ne4 Nxe4 16. Bxe4 f5 17. Bc2 e4 18. Nd2 d5 19. Nf1 f4 20. exf4 Qxf4 21. Rd2 Rf6 22. Re1 Rcf8 23. Re3 Bd6 24. Qe1 Qg5 25. Rde2 Rg6 26. Rg3 Bxg3 27. Nxg3 a5 28. a3 Qe7 29. axb4 axb4 30. f3 Ba6 31. fxe4 dxc4 32. bxc4 Bxc4 33. Re3 Rxg3 34. Rxg3 Rf1+ 35. Qxf1 Bxf1 36. Kxf1 Nf6 37. d5 cxd5 38. exd5 Qd6 39. Bb3 Nh5 40. Re3 Qa6+ 41. Kf2 Nf4 42. d6+ Kf8 43. d7 Nd3+ 44. Kg1 Qb6 45. d8Q+ Qxd8 46. Rf3+ Ke7 47. Re3+ Kf8 48. Rf3+ Ke7 1/2-1/2

[Event "Lukavac op 8th"]
[Site "Lukavac"]
[Date "2019.11.24"]
[Round "4"]
[White "Hankic, Ramiz"]
[Black "Bajramovic, Halid"]
[Result "0-1"]
[WhiteElo "1620"]
[BlackElo "2066"]
[PlyCount "132"]
[EventDate "2019.11.22"]
[EventType "swiss"]
[EventRounds "7"]
[EventCountry "BIH"]
[SourceTitle "CBM 193 Extra"]
[Source "ChessBase"]
[SourceDate "2020.01.31"]
[SourceVersion "1"]
[SourceVersionDate "2020.01.31"]
[SourceQuality "1"]

1. Nf3 c5 2. e4 d6 3. c3 Nf6 4. d3 g6 5. Bg5 Bg7 6. Qd2 Qb6 7. Be2 0-0 8. Na3 Be6 9. 0-0 Re8 10. h3 Nbd7 11. Be3 Nf8 12. Qc2 Qc6 13. Nd2 b5 14. Bf3 d5 15. Nb3 c4 16. Nd4 Qb7 17. exd5 Bxd5 18. dxc4 Bxf3 19. Nxf3 bxc4 20. Nxc4 Nd5 21. Bd4 f6 22. Qb3 Rab8 23. Ncd2 Qd7 24. Qa3 e5 25. Bc5 Ne6 26. Nb3 Rec8 27. Rfd1 Qc6 28. Bb4 Nef4 29. Rd2 Nxb4 30. cxb4 Nxh3+ 31. Kh2 Nf4 32. Qxa7 Rb7 33. Qc5 Qe8 34. Qe3 Rxb4 35. g3 Ne6 36. Rad1 Ra8 37. a3 Rb5 38. Nc1 f5 39. b4 e4 40. Ne1 Rb7 41. Qb3 Kh8 42. Ne2 g5 43. Qd5 Rf7 44. Nc2 Nc7 45. Qb3 f4 46. Ned4 Rf6 47. g4 Rh6+ 48. Kg2 Rh4 49. f3 e3 50. Re2 Rh6 51. Nf5 Rg6 52. Rh1 Rd8 53. Qc4 Qb5 54. Qxb5 Nxb5 55. Ncxe3 fxe3 56. a4 Nc3 57. Rxe3 Nxa4 58. Rhe1 Bc3 59. Rb1 Rgg8 60. Re7 Rge8 61. Ra7 Rd2+ 62. Kh3 Be5 63. Rh1 Nc3 64. Ng3 Bxg3 65. Kxg3 Ne2+ 66. Kf2 Nf4+ 0-1

[Event "BIH-ch 12th"]
[Site "Lukavac"]
[Date "2018.12.15"]
[Round "4"]
[White "Harcin, Amer"]
[Black "Bajramovic, Halid"]
[Result "0-1"]
[WhiteElo "1936"]
[BlackElo "2111"]
[PlyCount "78"]
[EventDate "2018.12.13"]
[EventType "swiss"]
[EventRounds "7"]
[EventCountry "BIH"]
[SourceTitle "CBM 187 Extra"]
[Source "ChessBase"]
[SourceDate "2018.11.04"]
[SourceVersion "1"]
[SourceVersionDate "2018.11.04"]
[SourceQuality "1"]

1. d4 Nf6 2. Bf4 d5 3. e3 e6 4. Nf3 Be7 5. Bd3 Nbd7 6. c3 Nh5 7. Bg3 Nxg3 8. hxg3 h6 9. Nbd2 c6 10. Ne5 Nxe5 11. dxe5 Qc7 12. Qh5 Bf8 13. Nf3 g6 14. Qg4 Bg7 15. 0-0-0 Qe7 16. Qd4 Bd7 17. c4 c5 18. Qc3 dxc4 19. Be4 Bb5 20. Qa5 Bc6 21. Bxc6+ bxc6 22. Rd6 0-0 23. Rhd1 Qb7 24. Qxc5 Rfb8 25. Qd4 Qb5 26. Rd2 g5 27. g4 Bf8 28. Rd7 c3 29. Qxc3 Bb4 30. Qd4 Bxd2+ 31. Nxd2 c5 32. Qd6 Qxb2+ 33. Kd1 Rf8 34. f4 gxf4 35. exf4 Qd4 36. Qxd4 cxd4 37. Rxd4 Rfd8 38. Ra4 Rac8 39. Ke1 Rc1+ 0-1

[Event "BIH-ch 12th"]
[Site "Lukavac"]
[Date "2018.12.14"]
[Round "3"]
[White "Bajramovic, Halid"]
[Black "Dugonjic, Dragan"]
[Result "1/2-1/2"]
[WhiteElo "2111"]
[BlackElo "2043"]
[PlyCount "137"]
[EventDate "2018.12.13"]
[EventType "swiss"]
[EventRounds "7"]
[EventCountry "BIH"]
[SourceTitle "CBM 187 Extra"]
[Source "ChessBase"]
[SourceDate "2018.11.04"]
[SourceVersion "1"]
[SourceVersionDate "2018.11.04"]
[SourceQuality "1"]

1. d4 e6 2. c4 Bb4+ 3. Bd2 a5 4. Nc3 f5 5. e4 fxe4 6. Qg4 Qe7 7. Qxe4 Nf6 8. Qh4 b6 9. Bd3 Bb7 10. f3 Nc6 11. Bg6+ Kd8 12. Nge2 Rf8 13. Bd3 Kc8 14. a3 Bxc3 15. Nxc3 e5 16. d5 Nd4 17. Qg5 Nb3 18. Rd1 Nxd2 19. Qxd2 d6 20. 0-0 Kb8 21. f4 exf4 22. Rde1 Qd8 23. Qxf4 Bc8 24. Nb5 Bd7 25. Nxd6 cxd6 26. Qxd6+ Kc8 27. Re7 Qc7 28. Rxd7 Nxd7 29. Rxf8+ Nxf8 30. Qxf8+ Kb7 31. Qf3 Qc5+ 32. Qf2 h6 33. b4 axb4 34. axb4 Ra1+ 35. Bf1 Qxf2+ 36. Kxf2 Rb1 37. c5 Rxb4 38. cxb6 Kxb6 39. Be2 Kc5 40. Bf3 Kd6 41. Kg3 Ke5 42. h3 Rb2 43. h4 g6 44. Kg4 Rb4+ 45. Kg3 h5 46. Kh3 Kf4 47. Kh2 Rd4 48. Kh3 Ke3 49. Kg3 Rd2 50. Kh3 Kf2 51. Kh2 Rd3 52. d6 Rxd6 53. Bb7 Rd4 54. Kh3 Rg4 55. Bc6 Rd4 56. Bb7 Rd3+ 57. Kh2 Rd4 58. Kh3 Ke3 59. Kg3 Rg4+ 60. Kh3 Kf4 61. Bc8 Rg3+ 62. Kh2 Rd3 63. Be6 Rd2 64. Bc8 Rd3 65. Be6 Re3 66. Bc8 Re7 67. Kh3 Re1 68. Kh2 Re3 69. Bd7 1/2-1/2

[Event "BIH-chT1"]
[Site "Bosanska Krupa"]
[Date "2018.08.28"]
[Round "5"]
[White "Muratovic, Efim"]
[Black "Bajramovic, Halid"]
[Result "1-0"]
[WhiteElo "2383"]
[BlackElo "2107"]
[PlyCount "53"]
[EventDate "2018.08.25"]
[EventType "tourn"]
[EventRounds "9"]
[EventCountry "BIH"]
[SourceTitle "CBM 186 Extra"]
[Source "ChessBase"]
[SourceDate "2018.08.24"]
[SourceVersion "1"]
[SourceVersionDate "2018.08.24"]
[SourceQuality "1"]

1. Nf3 Nf6 2. g3 d5 3. Bg2 c5 4. 0-0 Nc6 5. c4 e6 6. cxd5 Nxd5 7. Nc3 Be7 8. Nxd5 Qxd5 9. d3 0-0 10. Be3 Qd7 11. Rc1 Nd4 12. Rc4 e5 13. Nxe5 Qb5 14. b4 Be6 15. bxc5 Nf5 16. a4 Nxe3 17. axb5 Nxd1 18. Rc2 Bb3 19. Rc1 Rac8 20. d4 b6 21. Nc6 Rxc6 22. bxc6 bxc5 23. Rfxd1 Bxd1 24. Rxd1 cxd4 25. Rxd4 Bc5 26. Rd7 Bb6 27. c7 1-0

[Event "BIH-chT1"]
[Site "Bosanska Krupa"]
[Date "2018.08.25"]
[Round "1"]
[White "Bajramovic, Halid"]
[Black "Ramic, Mirnes"]
[Result "0-1"]
[WhiteElo "2107"]
[BlackElo "2068"]
[PlyCount "54"]
[EventDate "2018.08.25"]
[EventType "tourn"]
[EventRounds "9"]
[EventCountry "BIH"]
[SourceTitle "CBM 186 Extra"]
[Source "ChessBase"]
[SourceDate "2018.08.24"]
[SourceVersion "1"]
[SourceVersionDate "2018.08.24"]
[SourceQuality "1"]

1. d4 Nf6 2. g3 g6 3. Bg2 Bg7 4. c4 d6 5. Nf3 0-0 6. 0-0 Nc6 7. b3 Bf5 8. Bb2 Qd7 9. Re1 Bh3 10. e4 Bxg2 11. Kxg2 Nh5 12. h3 Rad8 13. Nc3 h6 14. d5 Ne5 15. Nd4 c5 16. dxc6 bxc6 17. Nc2 f5 18. f4 fxe4 19. Rxe4 Nf7 20. Ne3 e5 21. fxe5 Nxe5 22. Ne2 Rde8 23. Rb1 Qf7 24. Nf4 Nf6 25. Rd4 g5 26. Ne2 Ne4 27. Nf1 Qf3+ 0-1

[Event "BIH-chT2"]
[Site "Bosna"]
[Date "2017.08.30"]
[Round "9.1"]
[White "Kekic, Armin"]
[Black "Bajramovic, Halid"]
[Result "1/2-1/2"]
[WhiteElo "2228"]
[BlackElo "2104"]
[PlyCount "20"]
[EventDate "2017.08.25"]
[EventType "team-tourn"]
[EventRounds "9"]
[EventCountry "BIH"]
[SourceTitle "EXT 2019"]
[Source "ChessBase"]
[SourceDate "2018.10.10"]
[SourceVersion "1"]
[SourceVersionDate "2018.10.10"]
[SourceQuality "1"]

1. e4 d6 2. d4 g6 3. Nc3 Bg7 4. g3 Nf6 5. h3 0-0 6. Bg2 c6 7. Nge2 e5 8. Be3 Re8 9. 0-0 Bd7 10. Kh2 a6 1/2-1/2

[Event "BIH-chT2"]
[Site "Bosna"]
[Date "2017.08.26"]
[Round "2.2"]
[White "Bajramovic, Halid"]
[Black "Karup, Edin"]
[Result "0-1"]
[WhiteElo "2104"]
[BlackElo "2103"]
[PlyCount "74"]
[EventDate "2017.08.25"]
[EventType "team-tourn"]
[EventRounds "9"]
[EventCountry "BIH"]
[SourceTitle "EXT 2019"]
[Source "ChessBase"]
[SourceDate "2018.10.10"]
[SourceVersion "1"]
[SourceVersionDate "2018.10.10"]
[SourceQuality "1"]

1. d4 d5 2. Nf3 Nf6 3. c4 c6 4. Nbd2 a6 5. g3 b5 6. b3 Bf5 7. Bg2 Nbd7 8. Nh4 e6 9. Nxf5 exf5 10. cxd5 cxd5 11. Qc2 g6 12. 0-0 Rc8 13. Qd3 Qb6 14. Nf3 Bg7 15. Bb2 0-0 16. Ne5 Qd6 17. Rfd1 Ne4 18. Nxd7 Qxd7 19. e3 Rc6 20. f3 Nd6 21. Ba3 Rfc8 22. Bc5 Nb7 23. b4 Re6 24. Rac1 Rce8 25. Re1 Nd6 26. Bxd6 Rxd6 27. Rc5 g5 28. f4 gxf4 29. gxf4 Rg6 30. Kh1 Re4 31. Qb3 Qe8 32. Rxd5 Rxf4 33. Qc2 Rfg4 34. Bf3 Qxe3 35. Rd8+ Bf8 36. Rxf8+ Kxf8 37. Qc5+ Kg8 0-1

[Event "BIH-chT2"]
[Site "Bosna"]
[Date "2017.08.25"]
[Round "1.5"]
[White "Buljubasic, Sabahudin"]
[Black "Bajramovic, Halid"]
[Result "0-1"]
[WhiteElo "2334"]
[BlackElo "2104"]
[PlyCount "98"]
[EventDate "2017.08.25"]
[EventType "team-tourn"]
[EventRounds "9"]
[EventCountry "BIH"]
[SourceTitle "EXT 2019"]
[Source "ChessBase"]
[SourceDate "2018.10.10"]
[SourceVersion "1"]
[SourceVersionDate "2018.10.10"]
[SourceQuality "1"]

1. e4 c5 2. Nf3 Nc6 3. d4 cxd4 4. Nxd4 d6 5. Nc3 e5 6. Nb3 Be6 7. Qd3 Nf6 8. Bg5 h6 9. Bh4 g5 10. Bg3 a6 11. 0-0-0 Qc7 12. Kb1 b5 13. h4 g4 14. h5 Rg8 15. Be2 Rc8 16. Qd2 Qb7 17. Bh4 Nxh5 18. Nd5 Rg6 19. g3 Bg7 20. c4 Nd4 21. Na5 Qa7 22. Rc1 b4 23. Bd3 Nf3 24. Qxb4 Bd7 25. Be7 Rb8 26. Qa3 Nf6 27. Bxd6 Nxd5 28. Bxb8 Qxb8 29. cxd5 Bf8 30. Qc3 Bb4 31. Qc7 Qxc7 32. Rxc7 Bxa5 33. Ra7 Bb6 34. Ra8+ Ke7 35. Rxa6 Bxf2 36. Rxg6 fxg6 37. Rxh6 Bxg3 38. Rxg6 Bf2 39. Rg7+ Kd6 40. Be2 Nh2 41. b4 g3 42. Rg6+ Ke7 43. Rg7+ Kf6 44. Rg8 Bh3 45. d6 g2 46. d7 Bb6 47. a4 Bg4 48. Bxg4 g1Q+ 49. Kc2 Nxg4 0-1

[Event "BIH-ch"]
[Site "Lukavac"]
[Date "2016.04.02"]
[Round "4"]
[White "Bajramovic, Halid"]
[Black "Cosovic, Aziz"]
[Result "0-1"]
[WhiteElo "2163"]
[BlackElo "1995"]
[PlyCount "88"]
[EventDate "2016.03.31"]
[EventType "swiss"]
[EventRounds "7"]
[EventCountry "BIH"]
[SourceTitle "CBM 171 Extra"]
[Source "ChessBase"]
[SourceDate "2016.04.26"]
[SourceVersion "1"]
[SourceVersionDate "2016.04.26"]
[SourceQuality "1"]

1. d4 d5 2. Nf3 c6 3. g3 Nf6 4. Bg2 g6 5. 0-0 Bg7 6. b3 0-0 7. Bb2 Ne4 8. Na3 Be6 9. c4 Nd7 10. Qc2 Rc8 11. Rfd1 Qc7 12. e3 f5 13. Rab1 g5 14. Ne1 f4 15. exf4 gxf4 16. f3 Ng5 17. g4 Bxg4 18. cxd5 Bf5 19. Nd3 Qd6 20. dxc6 Bxd4+ 21. Bxd4 Qxd4+ 22. Qf2 Qxf2+ 23. Nxf2 Rxc6 24. h4 Nf7 25. Rb2 Nd6 26. Ne4 Bxe4 27. fxe4 Ne5 28. Rd5 Ndf7 29. Nc4 Nxc4 30. bxc4 b6 31. Rd7 f3 32. Bh3 Ne5 33. Rxe7 Rg6+ 34. Kh2 Nxc4 35. Rc2 b5 36. Bf5 Rg7 37. Be6+ Kh8 38. Rxg7 Kxg7 39. Bxc4 bxc4 40. Kg3 f2 41. Rxf2 Rxf2 42. Kxf2 Kf6 43. Ke2 Ke5 44. Kd2 Kxe4 0-1

[Event "BIH-chT1A 22nd"]
[Site "Tuzla"]
[Date "2015.10.20"]
[Round "7.2"]
[White "Bajramovic, Halid"]
[Black "Kekic, Armin"]
[Result "1-0"]
[WhiteElo "2144"]
[BlackElo "2231"]
[PlyCount "73"]
[EventDate "2015.10.16"]
[EventType "tourn"]
[EventRounds "9"]
[EventCountry "BIH"]
[SourceTitle "CBM 169 Extra"]
[Source "ChessBase"]
[SourceDate "2015.12.18"]
[SourceVersion "1"]
[SourceVersionDate "2015.12.18"]
[SourceQuality "1"]

1. d4 d5 2. c4 c6 3. Nc3 Nf6 4. e3 e6 5. Nf3 Bd6 6. Be2 Nbd7 7. 0-0 0-0 8. Qc2 Qe7 9. Rd1 dxc4 10. e4 e5 11. Bxc4 h6 12. h3 exd4 13. Nxd4 Ne5 14. Bf1 Ng6 15. g3 Bd7 16. Be3 a6 17. Bg2 Rad8 18. f4 Bc5 19. Bf2 Bc8 20. e5 Ne8 21. Ne4 Ba7 22. Rac1 Qc7 23. Nc5 Ne7 24. a3 Nd5 25. Qe2 Qe7 26. Ncb3 Nec7 27. f5 c5 28. Nf3 Bxf5 29. Nxc5 Bc8 30. Kh2 Rfe8 31. Qc2 b5 32. Ne4 Bxf2 33. Qxf2 Qe6 34. Nd6 Re7 35. Qc5 f6 36. Nd4 Qxe5 37. Nc6 1-0

[Event "BIH-chT1A 22nd"]
[Site "Tuzla"]
[Date "2015.10.20"]
[Round "8.4"]
[White "Mrndjic, Muamer"]
[Black "Bajramovic, Halid"]
[Result "1-0"]
[WhiteElo "2224"]
[BlackElo "2144"]
[PlyCount "97"]
[EventDate "2015.10.16"]
[EventType "tourn"]
[EventRounds "9"]
[EventCountry "BIH"]
[SourceTitle "CBM 169 Extra"]
[Source "ChessBase"]
[SourceDate "2015.12.18"]
[SourceVersion "1"]
[SourceVersionDate "2015.12.18"]
[SourceQuality "1"]

1. d4 d5 2. Nf3 Nf6 3. c4 c6 4. e3 e6 5. Bd3 Bd6 6. 0-0 Nbd7 7. cxd5 exd5 8. Nc3 0-0 9. b3 Qe7 10. Qc2 Re8 11. Bb2 Ne4 12. Rae1 Ndf6 13. Ne5 Bb4 14. f3 Ng5 15. Re2 Ne6 16. Na4 h6 17. Kh1 Bd7 18. Rc1 Rad8 19. Nc5 Bc8 20. a3 Bxc5 21. dxc5 Qc7 22. Bd4 Re7 23. b4 a6 24. Rg1 Rde8 25. f4 Nf8 26. g4 Ne4 27. Bxe4 dxe4 28. Nc4 Ng6 29. g5 h5 30. Qc3 Bg4 31. Rxg4 hxg4 32. Bxg7 Nxf4 33. exf4 Qxf4 34. Kg1 e3 35. Bh6 Re5 36. Rxe3 f6 37. Nxe5 fxe5 38. Qb3+ Kh8 39. Qd3 Qf7 40. Qd6 e4 41. Qd4+ Kh7 42. Rxe4 Kg6 43. Rxe8 Qxe8 44. Qxg4 Qe3+ 45. Kf1 Qxa3 46. Qe4+ Kh5 47. Kg2 Qc1 48. Qe2+ Kh4 49. h3 1-0